| 000 | 01436nam0a2200385 4500 | ||
|---|---|---|---|
| 001 | RU\NLR\bibl\312189 | ||
| 005 | 20260406062355.0 | ||
| 010 |
_a5-222-02432-6 _bВ пер. _910000 |
||
| 021 |
_aRU _b2002-29370 _91464 |
||
| 035 | _a(NLR Aleph) 000307313 | ||
| 090 |
_a22082 _c22082 |
||
| 100 | _a20020925d2002 |||y0rusy50 ca | ||
| 101 | 0 | _arus | |
| 102 | _aRU | ||
| 105 | _aa ||||||||| | ||
| 200 | 1 |
_aСценарии школьных праздников для учащихся 3-4-х классов. Летим мы на крыльях мечты _fС. А. Шин |
|
| 210 |
_aРостов н/Д _cФеникс _d2002 |
||
| 215 |
_a343 с., [8] л. цв. ил. _cил. _d21 |
||
| 225 | 1 | _aСерия "Школа радости" | |
| 300 | _aНа пер. авт. не указан | ||
| 517 | 0 | _aЛетим мы на крыльях мечты | |
| 606 | 0 |
_aШкольные праздники _91320870 _3RU\NLR\auth\66232901 |
|
| 610 | 0 | _aШкольные праздники - Сценарии | |
| 675 |
_a373.138.32 _v3 _zrus |
||
| 686 |
_a14.23 _2rugasnti |
||
| 686 |
_a74.200.58 _2rubbk |
||
| 686 | _aЧ421.382.5 | ||
| 686 | _aЩ338.3(2)7-9-4 | ||
| 700 | 1 |
_4070 _8rus _7ca _aШин _bС. А. _gСветлана Алексеевна _3RU\NLR\auth\7712573 _9122284 |
|
| 801 | 0 |
_aRU _bRKP _c20020925 _gPSBO |
|
| 801 | 1 |
_aRU _bRKP _c20020925 |
|
| 801 | 2 |
_aRU _bNLR _c20021007 _grcr |
|
| 942 | _cBOOK | ||
| 980 | _aNB | ||